[Event "18th Prague Open-A 2019"]
[Site "Prague"]
[Date "2019.01.13"]
[Round "4"]
[White "Oboladze, Luka"]
[Black "Neuman, Petr"]
[Result "1/2-1/2"]
[WhiteElo "2295"]
[BlackElo "2428"]
[Annotator "TA"]
[PlyCount "71"]
[EventDate "2019.01.11"]
[EventType "swiss"]
[EventCountry "CZE"]
[SourceTitle "playchess.com"]
[Source "ChessBase"]
[SourceQuality "1"]

{[%evp 9,71,8,14,-7,-2,-7,-7,-7,-7,-10,0,-10,-9,-10,-14,-13,-5,-26,-18,-33,-12,-15,-15,-18,0,-9,0,0,0,-15,-10,-3,-6,-25,-18,-19,-9,-9,-24,-13,0,0,0,-7,0,0,0,0,9,9,10,0,0,0,4,4,10,0,0,0,10,0,0,0]} 1. d4 d5 2. Nf3 c6 3. Bf4 Bf5 4. e3 e6 5. Be2 Bd6 {LiveBook: 8 Games} 6. Bg3 {D02: 1 d4 d5 2 Nf3 sidelines, including 2...Nf6 3 g3 and 2...Nf6 3 Bf4} (6. Bxd6 Qxd6 7. O-O Nd7 8. c4 Ngf6 9. Nc3 O-O 10. Nh4 Be4 11. Rc1 Rfd8 12. a3 h6 13. b4 Bh7 14. Nf3 dxc4 15. Bxc4 a5 16. Qb3 axb4 17. axb4 {1-0 (67) Grischuk,A (2810)-Ivanchuk,V (2704) Beijing 2014}) 6... Nf6 7. O-O Bxg3 8. hxg3 Nbd7 9. c4 h6 10. Nc3 O-O 11. Rc1 $146 ({Predecessor:} 11. c5 Qc7 12. b4 e5 13. b5 exd4 14. exd4 {½-½ (37) Walkewitz,H (2182)-Jaenig,R (2021) Schloss Schney 2006}) 11... Qe7 12. Qb3 Rab8 13. cxd5 exd5 14. Nd2 Ne8 {[%cal Bf6e8,Be8d6,Bd6e4][%mdl 32]} 15. Na4 Nd6 16. Nc5 Nxc5 17. dxc5 Ne4 18. Nxe4 Bxe4 19. Qc3 Rfe8 20. Rfd1 Qg5 21. Bd3 h5 22. Bxe4 Rxe4 23. Rd4 Rbe8 24. Rcd1 h4 {The position is equal.} (24... f5 {with more complications.} 25. Qa5 a6 26. Rxe4 fxe4 27. Qc7 Re7) 25. gxh4 Qxh4 26. Rxe4 Rxe4 27. Rd4 Rxd4 28. Qxd4 Qxd4 (28... Qe4 {looks sharper.} 29. Kh2 Qc2 30. Kg3 a5 31. a3 Qc1) 29. exd4 $11 {[%mdl 4096] Endgame KP-KP} Kh7 30. Kf1 Kg6 31. Ke2 Kf5 32. Kf3 Kg5 33. Kg3 Kf5 {[#] ...Ke4 is the strong threat.} 34. Kf3 Kg5 35. Kg3 Kf5 36. Kf3 {Accuracy: White = 44%, Black = 56%.} 1/2-1/2

[Event "18th Prague Open-A 2019"]
[Site "Prague"]
[Date "2019.01.13"]
[Round "4"]
[White "Chkhaidze, Nikoloz"]
[Black "Gschnitzer, Oswald"]
[Result "1-0"]
[WhiteElo "2290"]
[BlackElo "2370"]
[Annotator "TA"]
[PlyCount "89"]
[EventDate "2019.01.11"]
[EventType "swiss"]
[EventCountry "CZE"]
[SourceTitle "playchess.com"]
[Source "ChessBase"]
[SourceQuality "1"]

{[%evp 23,89,25,29,0,0,0,0,-9,0,0,0,0,49,0,0,0,22,17,27,0,11,20,41,0,37,0,60,68,153,12,11,11,14,31,244,241,247,270,239,251,324,313,539,531,527,506,533,530,527,525,552,541,575,538,638,625,704,698,767,723,2840,2278,6211,6211,5425,5414,5193,2150]} 1. d4 Nf6 2. c4 e6 3. Nc3 Bb4 4. e3 O-O 5. Bd2 d5 6. Nf3 b6 7. cxd5 exd5 8. Rc1 {E51: Nimzo-Indian: Rubinstein: 4...0-0 5 Nf3 d5} a6 (8... Be7 9. Bd3 Bb7 10. O-O c5 11. dxc5 bxc5 12. Re1 Nc6 13. Bb1 Re8 14. e4 dxe4 15. Nxe4 Nd4 {½-½ (54) Vitiugov,N (2730)-Inarkiev,E (2690) Satka 2018}) 9. Bd3 Bb7 10. Ne5 Bd6 11. O-O c5 12. f4 Nc6 {LiveBook: 17 Games} 13. Be1 cxd4 14. Nxc6 Bxc6 15. Ne2 Bb5 $146 ({Predecessor:} 15... Bd7 16. Nxd4 Qe7 17. Qf3 Rfe8 18. Bf2 Bc5 {0-1 (41) Castellanos Rodriguez,R (2487)-Ubilava,E (2498) Linares 2017}) 16. Nxd4 Bxd3 17. Qxd3 Bc5 18. Nf5 Re8 19. Bc3 Re6 20. Rf3 Bf8 21. Rg3 g6 22. Nd4 Re4 23. Nc6 Qd6 24. Be5 Qe6 (24... Qd7 $1 $11) 25. f5 $36 {[%mdl 2048] White is pushing.} Qxf5 (25... Qd7 $1 $14) 26. Rf3 (26. Rf1 $16 Qd7 27. Rxf6) 26... Rxe5 $11 27. Rxf5 Rxf5 28. Qd4 Bc5 $2 (28... Re8 $1 $14) 29. Rxc5 $18 bxc5 30. Ne7+ Kh8 31. Qh4 g5 32. Qh6 Ng8 $2 (32... Rf2 33. Qxg5 Rb8) 33. Qc6 {[%mdl 64] [#] Double Attack. White is clearly winning.} Nxe7 34. Qxa8+ {[%mdl 4096] Endgame KQ-KRN} Kg7 35. Qxa6 Re5 36. Qd6 Rxe3 37. Qxc5 Re1+ 38. Kf2 Re4 {[#]} 39. a4 $1 {[%cal Ba2a4,Ba4a5,Ba5a6,Ba6a7][%mdl 544]} Rf4+ (39... Rxa4 40. Qxe7) 40. Kg1 Nf5 41. a5 d4 42. g3 Rf3 43. a6 d3 44. Qc3+ f6 45. a7 {Accuracy: White = 58%, Black = 24%.} 1-0

[Event "18th Prague Open-A 2019"]
[Site "Prague"]
[Date "2019.01.13"]
[Round "4"]
[White "Ajay Krishna, S."]
[Black "Liu, Guanchu"]
[Result "1/2-1/2"]
[WhiteElo "2289"]
[BlackElo "2425"]
[Annotator "TA"]
[PlyCount "60"]
[EventDate "2019.01.11"]
[EventType "swiss"]
[EventCountry "CZE"]
[SourceTitle "playchess.com"]
[Source "ChessBase"]
[SourceQuality "1"]

{[%evp 19,60,0,0,-5,-4,-2,-9,-8,-4,-33,-36,-33,-39,-41,0,0,-13,-8,-6,-7,-11,-4,0,0,0,0,0,-16,-11,-20,0,0,0,0,0,0,0,0,0,0,38,13,27]} 1. Nf3 Nf6 2. c4 e6 3. g3 b6 4. Bg2 Bb7 5. O-O Be7 6. Nc3 O-O 7. b3 c5 8. Bb2 d5 9. cxd5 Nxd5 10. Nxd5 Qxd5 {LiveBook: 11 Games} 11. Qb1 $146 {A14: English Opening: 1...e6 with b3 by White} ({Predecessor:} 11. d3 Nc6 12. Ne5 Qd6 13. Nxc6 Bxc6 14. Bxc6 Qxc6 15. Qc2 Rfd8 16. Qc4 Rd5 17. a4 Bf6 18. Bxf6 gxf6 19. Rfc1 a5 {½-½ (27) Wallner,J (2313)-Kreisl,R (2448) Austria 2017}) 11... Nc6 12. Ne5 {[%mdl 64] [#] Pin} Qd6 13. Bc3 f6 14. Nd3 Rab8 15. Nf4 e5 16. Nd5 Nd4 (16... Kh8 {keeps more tension.} 17. Nxe7 Qxe7 18. d3 Nd4 19. Qb2 Bxg2 20. Kxg2 Qd7) 17. Nxe7+ Qxe7 18. Bxd4 exd4 19. Bxb7 Rxb7 20. e4 dxe3 21. dxe3 Rd8 22. Qc2 Rbd7 23. Rad1 Qe6 24. Rxd7 Rxd7 25. Rd1 Rxd1+ 26. Qxd1 $11 {KQ-KQ} Qc6 27. Qd8+ Kf7 28. a4 a6 29. Qd3 Qf3 30. h4 a5 {Accuracy: White = 63%, Black = 82%.} 1/2-1/2

[Event "18th Prague Open-A 2019"]
[Site "Prague"]
[Date "2019.01.13"]
[Round "4"]
[White "Kushko, Dmitriy"]
[Black "Schmidt-Schaeffer, Sebastian"]
[Result "1/2-1/2"]
[WhiteElo "2270"]
[BlackElo "2350"]
[Annotator "NA"]
[PlyCount "65"]
[EventDate "2019.01.11"]
[EventType "swiss"]
[EventCountry "CZE"]
[SourceTitle "playchess.com"]
[Source "ChessBase"]
[SourceQuality "1"]
[TimeControl "40/5400+30:1800+30"]

1. Nf3 {[%emt 0:00:00]} d5 {[%emt 0:00:19]} 2. g3 {[%emt 0:00:00]} c5 {[%emt 0:02:47]} 3. Bg2 {[%emt 0:00:00]} Nf6 {[%emt 0:01:17]} 4. O-O {[%emt 0:00:00]} Nc6 {[%emt 0:03:33]} 5. d4 {[%emt 0:00:00]} cxd4 {[%emt 0:09:57]} 6. Nxd4 {[%emt 0:00:06]} Qb6 {[%emt 0:05:48]} 7. Nxc6 {[%emt 0:03:13]} bxc6 {[%emt 0:00:24]} 8. c4 {[%emt 0:00:15]} e6 {[%emt 0:09:53]} 9. Nc3 {[%emt 0:00:31]} Bb4 {[%emt 0:12:32]} 10. Be3 {[%emt 0:06:14]} Qa5 {[%emt 0:05:23]} 11. cxd5 {[%emt 0:00:41]} cxd5 {[%emt 0:02:35]} 12. Bd4 {[%emt 0:02:20]} O-O {[%emt 0:02:45]} 13. a3 {[%emt 0:02:16]} Be7 {[%emt 0:01:33]} 14. b4 {[%emt 0:01:28]} Qc7 {[%emt 0:06:13]} 15. Rc1 {[%emt 0:04:30]} Qb8 {[%emt 0:00:29]} 16. Na4 {[%emt 0:07:12]} e5 {[%emt 0:03:42]} 17. Bc5 {[%emt 0:01:36]} Bxc5 {[%emt 0:00:21]} 18. Nxc5 {[%emt 0:01:37]} Rd8 {[%emt 0:01:05]} 19. Qb3 {[%emt 0:04:56]} Bg4 {[%emt 0:04:31]} 20. Rfd1 {[%emt 0:01:46]} Bxe2 {[%emt 0:01:50]} 21. Rxd5 {[%emt 0:00:15]} Nxd5 {[%emt 0:01:09]} 22. Bxd5 {[%emt 0:00:08]} a5 {[%emt 0:06:22]} 23. Re1 {[%emt 0:04:34]} Bg4 {[%emt 0:06:36]} 24. Bxa8 {[%emt 0:04:11]} Qxa8 {[%emt 0:00:09]} 25. Qe3 {[%emt 0:00:35]} axb4 {[%emt 0:00:35]} 26. axb4 {[%emt 0:00:07]} Bh3 {[%emt 0:01:16]} 27. Qe4 {[%emt 0:00:12]} Qxe4 {[%emt 0:04:15]} 28. Nxe4 {[%emt 0:00:09]} f6 {[%emt 0:00:49]} 29. Nc5 {[%emt 0:00:41]} Bf5 {[%emt 0:02:05]} 30. Re3 {[%emt 0:00:29]} Bh3 {[%emt 0:01:15]} 31. Re1 {[%emt 0:01:04]} Bf5 {[%emt 0:00:13]} 32. Re3 {[%emt 0:00:17]} Bh3 {[%emt 0:00:11]} 33. Re1 {[%emt 0:00:21]} 1/2-1/2

[Event "18th Prague Open-A 2019"]
[Site "Prague"]
[Date "2019.01.13"]
[Round "4"]
[White "Schmid, Thomas"]
[Black "Pechac, Jergus"]
[Result "0-1"]
[WhiteElo "2201"]
[BlackElo "2472"]
[Annotator "TA"]
[PlyCount "82"]
[EventDate "2019.01.11"]
[EventType "swiss"]
[EventCountry "CZE"]
[SourceTitle "playchess.com"]
[Source "ChessBase"]
[SourceQuality "1"]

{[%evp 18,82,0,0,0,0,0,-4,30,-3,0,0,10,0,-10,0,0,0,0,0,0,0,-4,-1,3,4,6,0,0,0,0,0,0,-4,-3,-4,-2,-3,-4,-2,-3,-73,-73,-54,-72,-72,-72,-81,-75,-72,-72,-72,-72,-77,-66,-98,-107,-149,-130,-201,-198,-189,-189,-185,-186,-190,-190]} 1. e4 c6 2. Nc3 d5 3. Nf3 Bg4 4. h3 Bxf3 5. Qxf3 e6 6. d4 dxe4 7. Qxe4 {B11: Caro-Kann: Two Knights Variation} Nf6 8. Qd3 Be7 (8... Na6 9. a3 Qb6 10. Be2 Be7 11. O-O O-O 12. Rd1 Rfd8 13. b4 Nc7 14. Na4 Qb5 {½-½ (39) Vachier Lagrave,M (2794)-Ivanchuk,V (2732) Germany 2018}) 9. g3 Na6 {[%cal Bb8a6,Ba6c5,Bc5b3][%mdl 32]} 10. a3 {LiveBook: 4 Games} Qb6 11. Bg2 Rd8 12. Ne2 c5 $146 {[%cal Rc5d4]} ({Predecessor:} 12... e5 13. c3 exd4 14. cxd4 O-O {½-½ (131) Padmini,R (2437)-Khairullin,I (2647) Doha 2015}) 13. c3 cxd4 14. Nxd4 Nc5 15. Qb5+ Qxb5 16. Nxb5 Nb3 17. Rb1 a6 18. Nd4 $1 {[%cal Rd4b3]} Nxd4 19. cxd4 Nd5 20. Be3 Bf6 21. Ke2 h5 22. h4 Rd6 23. Rbc1 Kd7 24. Rc2 Rc8 25. Rhc1 Rxc2+ 26. Rxc2 g6 27. b4 b6 28. Rc4 Bd8 29. a4 (29. Bh6 $11 {keeps the balance.}) 29... b5 $36 {[%mdl 2048] Black is really pushing.} 30. axb5 axb5 31. Rc5 Bb6 32. Rc1 Nxb4 33. Rb1 Nd5 34. Kd3 Nc7 35. Kc3 Ke7 36. Rb2 Rd8 37. Bf1 Nd5+ 38. Kc2 (38. Kd3 $17) 38... Nxe3+ $19 {Black is clearly better.} 39. fxe3 Bc7 40. g4 hxg4 41. Rxb5 Rh8 {Accuracy: White = 58%, Black = 87%.} 0-1

[Event "18th Prague Open-A 2019"]
[Site "Prague"]
[Date "2019.01.13"]
[Round "4"]
[White "Vojta, Jakub"]
[Black "Gschnitzer, Adrian"]
[Result "0-1"]
[WhiteElo "2118"]
[BlackElo "2368"]
[Annotator "TA"]
[PlyCount "58"]
[EventDate "2019.01.11"]
[EventType "swiss"]
[EventCountry "CZE"]
[SourceTitle "playchess.com"]
[Source "ChessBase"]
[SourceQuality "1"]

{[%evp 19,58,19,0,-109,-19,-4,-16,-51,-41,-35,-41,-47,-13,-21,-9,-44,-54,-68,-63,-309,-299,-299,-270,-454,-368,-422,-429,-408,-353,-1281,-1272,-1184,-1185,-29989,-29990,-29990,-29991,-29991,-29992,-29992,-27]} 1. e4 c5 2. Nf3 Nc6 3. d4 cxd4 4. Nxd4 e5 5. Nb5 d6 6. c4 Be7 7. N1c3 a6 8. Na3 f5 9. exf5 Bxf5 10. Be3 {B32: Sicilian: Löwenthal and Kalashnikov Variations} (10. Bd3 Be6 11. Qh5+ Bf7 12. Qh3 Nf6 13. O-O Nd4 14. Be3 Be6 15. Qh4 Nf5 16. Bxf5 Bxf5 17. Rad1 Qc8 18. c5 dxc5 {0-1 (61) Kasimdzhanov,R (2693)-Naiditsch,A (2706) Poznan 2014}) 10... Nf6 {LiveBook: 3 Games} 11. Nd5 {[#]} (11. Bd3 $11 {keeps the balance.} Bxd3 12. Qxd3) 11... O-O (11... Nxd5 $1 $17 12. Qxd5 Nb4 13. Qxb7 Rb8) 12. Be2 $146 {[#]The position is equal.} ({Predecessor:} 12. Bb6 Qd7 13. Be2 Bd8 14. O-O Nxd5 15. cxd5 Ne7 16. Nc4 {½-½ (42) Battsetseg,T (2245)-Amura,C (2350) Elista 1998}) 12... Nd4 $1 {[%mdl 512]} 13. Bxd4 {Strongly threatening Bb6.} Nxd5 ({Much weaker is} 13... exd4 $6 14. Qxd4 Nxd5 15. Qxd5+ Rf7 16. O-O $14) 14. cxd5 {Threatens to win with Bc3.} exd4 15. O-O $1 Qb6 {Black wants to play ...Rac8.} 16. Nc4 Qc5 $36 {[%mdl 2048] ...Rac8 is the strong threat. White is under pressure.} 17. Bd3 b5 {[%cal Bb7b5,Bb5c4][%mdl 32]} 18. Bxf5 Rxf5 19. Qe2 $2 (19. Nd2 $15) 19... bxc4 $19 20. Qxe7 Re5 ({Much less strong is} 20... Qxd5 21. Rae1 $17) 21. Qh4 $2 (21. Qb7 {keeps fighting.} Qxd5 22. Qxd5+ Rxd5 23. Rac1) 21... Qxd5 22. Rae1 Rxe1 23. Rxe1 {[%mdl 4096] Endgame KQR-KQR} d3 {[%cal Bd4d3,Bd3d2][%mdl 32] And now ...d2 would win.} 24. Qg4 $2 (24. Qe7) 24... d2 {[%cal Rd2e1]} 25. Rf1 Re8 {aiming for ...Re1.} 26. Qd7 Re1 {Black mates.} 27. Qd8+ Kf7 28. Qd7+ Kf6 29. Qd8+ Ke5 $2 {[%mdl 32768] Accuracy: White = 15%, Black = 65%. . Sensor Board Error (Ke4/e5)?} (29... Kg6 {mates} 30. Qe8+ Rxe8 31. h4 Re1 32. Kh2 Rxf1 33. Kg3 d1=Q 34. Kh3 Rxf2 {[%mdl 64] Double Attack} 35. h5+ Q1xh5+ 36. Kg3 Qxg2#) 0-1

[Event "18th Prague Open-A 2019"]
[Site "Prague"]
[Date "2019.01.14"]
[Round "5"]
[White "Pechac, Jergus"]
[Black "Oboladze, Luka"]
[Result "1-0"]
[WhiteElo "2472"]
[BlackElo "2295"]
[Annotator "TA"]
[PlyCount "55"]
[EventDate "2019.01.11"]
[EventType "swiss"]
[EventCountry "CZE"]
[SourceTitle "playchess.com"]
[Source "ChessBase"]
[SourceQuality "1"]

{[%evp 13,55,15,45,0,32,17,37,50,70,8,3,2,17,13,86,-95,-81,-72,-84,-84,0,0,0,-101,345,347,333,347,300,243,302,285,329,310,1627,1616,1544,1364,29984,29985,29990,29991,29994,29995]} 1. d4 Nf6 2. c4 g6 3. Nc3 d5 4. cxd5 Nxd5 5. e4 Nxc3 6. bxc3 Bg7 7. Qa4+ c6 {LiveBook: 46 Games} 8. h4 $146 {D85: Exchange Grünfeld: Unusual White 7th moves and lines with 7 Nf3} ({Predecessor:} 8. Nf3 O-O 9. Qa3 Nd7 10. Be2 c5 11. O-O b6 12. Rd1 Bb7 13. e5 Qc7 14. Qb3 e6 15. Be3 Bd5 16. Qb2 {½-½ (16) Antic,D (2442)-Damljanovic,B (2529) Belgrade 2017}) 8... Nd7 9. h5 e5 {aiming for ...exd4.} 10. Nf3 {White is slightly better.} exd4 11. h6 ({White should try} 11. cxd4 $14 Qe7 12. Qc2) 11... Bf6 $11 12. cxd4 Nc5 {[%mdl 64] Double Attack, Pin} 13. Qc2 $36 {[%mdl 2048] White has the initiative.} Bg4 {[#]} ({But not} 13... Bxd4 $2 14. Nxd4 Qxd4 15. Bb2 $18) (13... Ne6 $1 $11) 14. Rb1 $2 ({Much worse is} 14. Qxc5 $6 Bxf3 15. e5 Be7 $11) (14. e5 $1 $16 {is necessary to keep the advantage.} Bxf3 15. gxf3 Qxd4 16. exf6 Qxa1 17. Qxc5 Qxf6 18. Qe3+ Kd8 19. Qb3) 14... Bxf3 $1 $17 15. gxf3 {[%cal Bg2f3,Bf3e4][%mdl 32]} Bxd4 16. Ba3 {[#]} b6 ({Better is} 16... Qa5+ $1 $17 17. Bb4 Qa4) 17. Rd1 $11 {Threatens to win with Bb2.} O-O 18. Bc4 (18. Qc4 $1 $11 {remains equal.} Ne6 19. Bxf8) 18... Nxe4 $2 {[%mdl 8192]} (18... Qf6 $17 {and life is bright.} 19. Rh3 Rfd8) 19. fxe4 $18 c5 20. Bd5 Rc8 21. Rh3 Qf6 22. Rdd3 Qe5 23. Rhf3 b5 $2 {[#]} (23... Rc7 24. Qc4 Qh5) 24. Rxd4 $1 {[%mdl 512]} Qxd4 (24... cxd4 25. Rxf7) 25. Bb2 Qb4+ 26. Bc3 {White mates.} Qa3 27. Qd2 b4 28. Qf4 {Accuracy: White = 46%, Black = 28%.} ({Not} 28. Qb2 Qxb2 29. Bxb2 c4 $16) 1-0

[Event "18th Prague Open-A 2019"]
[Site "Prague"]
[Date "2019.01.14"]
[Round "5"]
[White "Xiang, Zeyu"]
[Black "Eriksson, Christian Altenburg"]
[Result "1-0"]
[WhiteElo "2440"]
[BlackElo "2177"]
[Annotator "TA"]
[PlyCount "73"]
[EventDate "2019.01.11"]
[EventType "swiss"]
[EventCountry "CZE"]
[SourceTitle "playchess.com"]
[Source "ChessBase"]
[SourceQuality "1"]

{[%evp 29,73,38,31,23,24,23,23,16,22,18,54,72,130,140,120,126,155,115,125,67,62,24,16,18,17,0,72,79,47,14,71,72,75,22,128,129,133,124,140,150,267,277,1069,1053,1629,1664]} 1. d4 d5 2. c4 c6 3. cxd5 cxd5 4. Bf4 Nf6 5. Nc3 Nc6 {[%cal Bb8c6,Bc6a5,Ba5c4][%mdl 32]} 6. e3 Bf5 7. Qb3 Na5 8. Qa4+ Bd7 9. Qc2 Rc8 10. Bd3 e6 11. Nf3 b5 12. a3 Nc4 {D14: Slav Defence: Exchange variation with ...Bf5} 13. O-O Be7 14. h3 O-O 15. Ne5 Be8 {[#] LiveBook: 8 Games} 16. Rac1 $146 a5 17. Qe2 b4 18. axb4 axb4 19. Nb1 {[%cal Re5c4]} Nd6 20. Nd2 Qb6 ({Black should play} 20... Nfe4) 21. Rxc8 $16 Nxc8 22. Ra1 Nd6 23. Ra6 Qb7 24. Ra5 (24. Nb3 $16) 24... Nfe4 $14 25. Nb3 {Strongly threatening f3.} f6 26. Ng4 {aiming for f3.} h5 27. Nh2 $36 {[%mdl 2048] White is more active.} g5 (27... e5 $11 28. Bxe4 Nxe4) 28. Bxd6 $1 $16 Bxd6 29. Nf1 Bf7 (29... f5 $1 $11) 30. Bxe4 dxe4 31. Qa6 (31. Nc5 $16 Bxc5 32. Rxc5 (32. dxc5 Rc8 $14)) 31... Qe7 (31... Qxa6 $11 32. Rxa6 Be7) 32. Nc5 f5 {[#]} 33. Rb5 $1 Bxc5 34. dxc5 Rd8 {[#]} (34... Qc7 $16 {might work better.} 35. c6 Rc8) 35. c6 $1 $18 {[%cal Bc5c6,Bc6c7][%mdl 32]} Qe8 $2 (35... Kg7 36. Rb7 Qd6) 36. c7 Rc8 {[#]} 37. Qxc8 $1 {[%mdl 576] Promotion. Accuracy: White = 64%, Black = 29%.} 1-0

[Event "18th Prague Open-A 2019"]
[Site "Prague"]
[Date "2019.01.14"]
[Round "5"]
[White "Neuman, Petr"]
[Black "Ajay Krishna, S."]
[Result "0-1"]
[WhiteElo "2428"]
[BlackElo "2289"]
[Annotator "TA"]
[PlyCount "42"]
[EventDate "2019.01.11"]
[EventType "swiss"]
[EventCountry "CZE"]
[SourceTitle "playchess.com"]
[Source "ChessBase"]
[SourceQuality "1"]

{[%evp 9,42,2,-1,-1,5,7,17,-10,-4,-9,-15,-26,-19,-19,-21,-120,-120,-200,-150,-172,-113,-115,-112,-117,-88,-234,-242,-306,-297,-434,-433,-425,-429,-485,-473]} 1. Nf3 c5 2. b3 Nf6 3. Bb2 g6 4. e4 (4. Bxf6 exf6 5. g3 Bg7 6. Bg2 f5 7. c3 O-O 8. O-O d6 9. d4 Nd7 10. c4 Nf6 11. Nc3 d5 12. cxd5 Nxd5 13. Nxd5 Qxd5 {½-½ (48) Kovalenko,I (2646)-Fier,A (2558) Tegernsee 2018}) 4... d6 5. Bb5+ Nbd7 6. O-O {A05: Réti Opening: 1 Nf3 Nf6} Bg7 7. Re1 $146 ({Predecessor:} 7. Qe2 e5 8. c3 O-O 9. Re1 Qe7 10. d3 Nh5 11. d4 Nf4 {1-0 (45) Schrik,R-Luynenburg,R Hengelo 1996}) 7... O-O 8. a4 {The position is equal.} a6 9. Bxd7 Bxd7 10. a5 e5 11. d3 Nh5 12. b4 (12. Bc1 $11) 12... cxb4 $17 13. d4 (13. c3 $17) 13... Bg4 14. Nbd2 {[#]} Qc7 (14... Nf4 $1 $19 15. h3 Bh5) 15. h3 Bxf3 16. Nxf3 Rac8 17. Qd2 (17. Ra4 $17 {is a better defense.}) 17... Qxc2 $19 18. Qxb4 Nf4 {[#] White must now prevent ...Nd3.} 19. Qd2 (19. Rad1 $142 Nd3 20. Rxd3 Qxd3 21. dxe5) 19... Qxd2 {Black is clearly winning.} 20. Nxd2 Nd3 21. Reb1 Rc2 {[%mdl 64] Double Attack. Accuracy: White = 29%, Black = 89%.} 0-1

[Event "18th Prague Open-A 2019"]
[Site "Prague"]
[Date "2019.01.14"]
[Round "5"]
[White "Liu, Guanchu"]
[Black "Kushko, Dmitriy"]
[Result "1-0"]
[WhiteElo "2425"]
[BlackElo "2270"]
[Annotator "TA"]
[PlyCount "87"]
[EventDate "2019.01.11"]
[EventType "swiss"]
[EventCountry "CZE"]
[SourceTitle "playchess.com"]
[Source "ChessBase"]
[SourceQuality "1"]

{[%evp 24,87,35,20,19,37,33,30,31,24,12,0,91,88,87,61,64,50,85,61,78,59,60,45,39,27,30,28,63,80,73,59,75,58,113,100,103,90,104,102,111,74,395,384,419,419,406,401,317,345,499,435,857,861,824,825,1688,1633,1537,1441,4678,2173,5281,5189,4565,1176]} 1. e4 d6 2. d4 Nf6 3. Nc3 g6 4. f4 Bg7 5. Nf3 O-O 6. Bd3 Na6 7. O-O c5 8. d5 Rb8 9. Kh1 Nc7 10. a4 a6 {B09: Pirc Defence: Austrian Attack} 11. a5 Nb5 12. Bxb5 axb5 13. e5 {LiveBook: 3 Games} Nd7 {[%cal Rd6e5]} (13... dxe5 14. fxe5 Nh5 15. Nxb5 Bg4 16. c4 Bxe5 17. Bh6 Re8 18. Qe1 {½-½ (44) Martinez Alcantara,J (2545)-Valenzuela Gomez,F (2389) Gijon 2018}) 14. Nxb5 dxe5 15. fxe5 Nxe5 16. Nxe5 $146 ({Predecessor:} 16. Bf4 Bg4 17. Re1 Nxf3 18. gxf3 {1-0 (37) Fritsche,F (2354)-Pauli,A (2370) ICCF email 2010}) 16... Bxe5 17. Bh6 Bg7 (17... Bxb2 $11 {remains equal.} 18. Bxf8 Bxa1) 18. Bxg7 $16 Kxg7 19. Qd2 Bd7 20. Nc3 {[%cal Bb5c3,Bc3e4,Be4c5][%mdl 32]} e6 21. Ne4 {aiming for d6.} exd5 $1 22. Nxc5 Bc6 23. Qd4+ Kg8 24. Rf6 Rc8 25. h4 {[#] Hoping for h5!} Qe7 26. b4 Qe2 27. c3 $40 {[%mdl 128] White has some attack.} Rfe8 28. Raf1 Re7 (28... Rc7 $14) 29. Kh2 Rcc7 30. R1f2 Qe5+ 31. Qxe5 Rxe5 32. a6 b6 $2 {[%mdl 8192]} (32... Re8 $16 {is more resistant.}) 33. Nb3 $18 Bb5 34. Rxb6 Bxa6 35. Rxa6 Rxc3 36. Nd2 d4 (36... Re7 $142 37. b5 Rb7) 37. Rd6 {White is clearly winning.} d3 (37... Re8 $142 38. Rxd4 Rc2) 38. Rd8+ Kg7 39. Rd7 Rf5 40. Rxf5 gxf5 41. b5 {[%cal Bb4b5,Bb5b6,Bb6b7][%mdl 32]} Kf6 42. b6 {Intending b7 and mate.} Rc6 43. b7 Rb6 {[#]} 44. Rd6+ $1 {[%mdl 512] Accuracy: White = 65%, Black = 38%.} 1-0